000 00334nam a2200145Ia 4500
100 _aPhilips
650 _aElectrical Engineering
942 _cBK
654 _aBasic Colour T.V
245 _aBasic Colour T.V Figure Book
260 _bRadio Electronic & T.V Mfg. Ass.
082 _a621.3
_bPhi
546 _aENGLISH
999 _c19932
_d19932